[Event "SRB Central-chT qual"]
[Site "Nis"]
[Date "2014.10.04"]
[Round "4"]
[White "Zlatanovic, Aleksandar"]
[Black "Petkovic, Dragoslav"]
[Result "0-1"]
[WhiteElo "2003"]
[BlackElo "2205"]
[PlyCount "124"]
[EventDate "2014.10.02"]
[EventType "team-tourn"]
[EventRounds "7"]
[EventCountry "SRB"]
[SourceTitle "CBM 163 Extra"]
[Source "ChessBase"]
[SourceDate "2014.12.23"]
[SourceVersion "1"]
[SourceVersionDate "2014.12.23"]
[SourceQuality "1"]

1. Nf3 d6 2. d4 Bg4 3. h3 Bh5 4. c3 Nf6 5. Bg5 e6 6. Qb3 Qc8 7. Bxf6 Bxf3 8. exf3 gxf6 9. Nd2 c6 10. Bd3 Qc7 11. c4 Bh6 12. Ne4 f5 13. Qxb7 Qxb7 14. Nxd6+ Ke7 15. Nxb7 Nd7 16. Na5 Kd6 17. 0-0 Rab8 18. Rab1 Bg7 19. Nb3 Rb4 20. Rfd1 a5 21. d5 a4 22. dxe6 Kxe6 23. Na5 Nb8 24. b3 Be5 25. bxa4 Rxa4 26. Nb7 Rxa2 27. c5 Kf6 28. Bc4 Rc2 29. Bb3 Rc3 30. Rdc1 Rxc1+ 31. Rxc1 Na6 32. Rd1 Rb8 33. Rd7 Nc7 34. Rxf7+ Kg6 35. f4 Bxf4 36. g3 Be5 37. Re7 Rxb7 38. Rxe5 Rxb3 39. Re7 Rb7 40. Rd7 Rb1+ 41. Kg2 Nb5 42. Re7 Nd4 43. Rd7 Rd1 44. h4 h5 45. Rd8 Kf6 46. Rd7 Ke5 47. Rh7 Rc1 48. Rxh5 Rxc5 49. Rh8 Kf6 50. Rd8 Ne6 51. Rd6 Ke7 52. Rd2 Ra5 53. h5 Ra8 54. Rc2 c5 55. Rc4 Kf6 56. f3 Ra2+ 57. Kg1 Kg5 58. g4 f4 59. Re4 Nd4 60. Re5+ Kh4 61. Rxc5 Nxf3+ 62. Kf1 Kg3 0-1

[Event "Nis op"]
[Site "Nis"]
[Date "2012.03.15"]
[Round "5"]
[White "Iliev, Dimitar"]
[Black "Zlatanovic, Aleksandar"]
[Result "1/2-1/2"]
[WhiteElo "2144"]
[BlackElo "2009"]
[PlyCount "96"]
[EventDate "2012.03.11"]
[EventType "swiss"]
[EventRounds "9"]
[EventCountry "SRB"]
[SourceTitle "CBM 147 Extra"]
[Source "ChessBase"]
[SourceDate "2012.04.24"]
[SourceVersion "1"]
[SourceVersionDate "2012.04.24"]
[SourceQuality "1"]

1. e4 g6 2. d4 Bg7 3. f4 c6 4. Nf3 d5 5. e5 Nh6 6. Bd3 Qb6 7. c3 Na6 8. Qb3 Nc7 9. Qxb6 axb6 10. 0-0 0-0 11. Na3 c5 12. b3 Na6 13. Nc2 cxd4 14. cxd4 Bf5 15. Bxf5 Nxf5 16. g4 Rfc8 17. Rf2 Nh6 18. h3 f5 19. g5 Nf7 20. Ba3 e6 21. Kf1 Bf8 22. Bxf8 Kxf8 23. Kg2 Rc3 24. Rh1 Nc7 25. Nb4 Nb5 26. h4 Rac8 27. h5 Rc1 28. Rxc1 Rxc1 29. hxg6 hxg6 30. Rf1 Rxf1 31. Kxf1 Nc3 32. Ke1 Ne4 33. Ke2 Nd8 34. Kd3 b5 35. a4 bxa4 36. bxa4 Ke7 37. a5 Nf2+ 38. Ke2 Ne4 39. Ke3 Kf7 40. Ne1 Ke7 41. Nf3 Kf7 42. Nh4 Nc3 43. Kd3 Nb5 44. Nf3 Na7 45. a6 bxa6 46. Nxa6 Nb5 47. Nb8 Ke7 48. Nh4 Kf7 1/2-1/2

[Event "Nis op"]
[Site "Nis"]
[Date "2012.03.11"]
[Round "1"]
[White "Zlatanovic, Aleksandar"]
[Black "Miljkovic, Miroslav D"]
[Result "1/2-1/2"]
[WhiteElo "2009"]
[BlackElo "2475"]
[PlyCount "39"]
[EventDate "2012.03.11"]
[EventType "swiss"]
[EventRounds "9"]
[EventCountry "SRB"]
[SourceTitle "CBM 147 Extra"]
[Source "ChessBase"]
[SourceDate "2012.04.24"]
[SourceVersion "1"]
[SourceVersionDate "2012.04.24"]
[SourceQuality "1"]

1. Nf3 Nf6 2. d4 d5 3. Bf4 c5 4. e3 Qb6 5. Nc3 e6 6. Nb5 Na6 7. a4 c4 8. Ne5 Bb4+ 9. c3 Be7 10. Be2 0-0 11. 0-0 Nb8 12. Nxc4 dxc4 13. Nc7 Bd6 14. Nxa8 Qd8 15. Bg5 Bd7 16. e4 Be7 17. Bxc4 Na6 18. d5 exd5 19. Bxa6 bxa6 20. e5 1/2-1/2